1099 1819 1255 1072 1442 1090 1064 1508 1480 1631 1898 1196 1218 1018 1635 1263 1209 1947 1015 1019 1241 1195 1212 1285 1036 1678 1297 1493 1599 1868 1538 1968 1213 1211 1933 1686 1341 1479 1584 1244 1680 1556 1797 1492 1559 1629 1491 1844 1510 1933 1285 1616 1499 1179 1859 1705 1346 1515 1308 1539 1368 1965 1765 1563 1864 1716 1113 1775 1426 1697 1378 1823 1662 1869 1345 1839 1576 1572 1612 1615 1631 1624 1663 1358 1352 1373 1457 1455 1534 1089 1731 1592 1732 1648 1299 1819 1593 1674 1842 BCNSPRNW ULIB Ver.6.0+V

เปลี่ยนเป็นภาษาไทย

Change to English
 แสดงรายละเอียดบรรณานุกรม
  กลับหน้าหลัก

Brief Record : Get Marc (ISO 2709) : E-mail record : QR code < ปิดหน้าต่าง
LEADER : 00000nam 2200000uu 4500
001    13399109044
003     ULIB
008    110320s2546||||th 000 0 tha d
020    9749021738
060 04 WX158^bก513 2546
245 10 การวางแผนจำหน่ายผู้ป่วย :^bแนวคิดและการประยุกต์ใช้ /^cวันเพ็ญ พิชิตพรชัยและอุษาวดี อัศดรวิเศษ [บรรณาธิการ]
250    พิมพ์ครั้งที่ 2 (ฉบับปรับปรุง)
260    กรุงเทพฯ :^bคณะพยาบาลศาสตร์ มหาวิทยาลัยมหิดล,^c2546
300    126 หน้า :^bภาพประกอบ ;^c26 ซม.
650  7 ผู้ป่วย, การจำหน่ายออกจากโรงพยาบาล
700 0  วันเพ็ญ พิชิตพรชัย,^eบรรณาธิการ
700 0  อุษาวดี อัศดรวิเศษ,^eบรรณาธิการ
710 2  มหาวิทยาลัยมหิดล. ^bคณะพยาบาลศาสตร์
945    ^p70^l0^i017676
945    ^p70^l0^i017677
945    ^p70^l0^i017675
995    เกษร
999 ^a ใช้งานได้ทุกระบบ
รายการนี้ยังไม่มีแท็ก
คุณยังไม่ได้ล็อกอิน คุณสามารถมีกิจกรรมร่วมกับเว็บไซต์ได้ แต่ต้องล็อกอินก่อน ::
  ล็อกอิน

รายการสื่อสารสนเทศ

ลำดับที่ ประเภท เลขเรียก/บาร์โค้ด สถานที่ สถานะ
- ไม่พบข้อมูล -

รายการใกล้เคียง
    หัวเรื่อง [ผู้ป่วย, การจำหน่ายออกจากโรงพยาบาล]

BibComment


ยังไม่เคยถูกคอมเมนท์

คอมเมนท์ทรัพยากรรายการนี้
  คอมเมนท์: การวางแผนจำหน่ายผ..


 Copyright 2026. Bcnsprnw @Library